[Event "Kragero op"]
[Site "Kragero"]
[Date "2024.02.24"]
[Round "7"]
[White "Elsness, Frode"]
[Black "Lie, Kjetil A"]
[Result "0-1"]
[WhiteElo "2436"]
[BlackElo "2512"]
[PlyCount "92"]
[EventDate "2024.02.21"]
[EventType "swiss"]
[EventRounds "9"]
[EventCountry "NOR"]
[SourceTitle "CB09_2024"]
[SourceDate "2024.02.28"]
[SourceVersion "1"]
[SourceVersionDate "2024.02.28"]
[SourceQuality "1"]

1. d4 Nf6 2. c4 b6 3. Nc3 Bb7 4. d5 e6 5. a3 Bd6 6. Nf3 0-0 7. g3 c6 8. Bg2 Na6 9. 0-0 exd5 10. cxd5 cxd5 11. Nh4 Nc7 12. e4 Be5 13. Nxd5 Nfxd5 14. exd5 d6 15. Rb1 Qd7 16. Be3 Bf6 17. Qd2 Bxh4 18. gxh4 Qg4 19. h3 Qxh4 20. Bg5 Qh5 21. Be7 Rfe8 22. Bxd6 Nxd5 23. Rbd1 Rad8 24. Rfe1 h6 25. Rxe8+ Rxe8 26. Re1 Rxe1+ 27. Qxe1 Bc6 28. Qd2 Qg6 29. Bg3 Qe6 30. Bb8 a5 31. Qd4 b5 32. Qc5 Ne7 33. Bxc6 Nxc6 34. Qxb5 Qe1+ 35. Kg2 Qe4+ 36. f3 Qc2+ 37. Kf1 Qd1+ 38. Kf2 Qd2+ 39. Kf1 Nd4 40. Qe8+ Kh7 41. Qe4+ f5 42. Qe5 Qd3+ 43. Kf2 Qxf3+ 44. Ke1 Qd3 45. Kf2 Nc6 46. Qd6 Qc2+ 0-1

[Event "Kragero op"]
[Site "Kragero"]
[Date "2024.02.22"]
[Round "3"]
[White "Lu, Miaoyi"]
[Black "Lie, Kjetil A"]
[Result "1/2-1/2"]
[WhiteElo "2369"]
[BlackElo "2512"]
[PlyCount "37"]
[EventDate "2024.02.21"]
[EventType "swiss"]
[EventRounds "9"]
[EventCountry "NOR"]
[SourceTitle "CB09_2024"]
[SourceDate "2024.02.28"]
[SourceVersion "1"]
[SourceVersionDate "2024.02.28"]
[SourceQuality "1"]

1. e4 c5 2. Nf3 Nc6 3. Bb5 e5 4. 0-0 Bd6 5. c3 a6 6. Bc4 Nf6 7. d4 cxd4 8. cxd4 exd4 9. e5 Bxe5 10. Nxe5 Nxe5 11. Re1 0-0 12. Rxe5 Qc7 13. Qxd4 d5 14. Nc3 Qxc4 15. Rxd5 Qxd4 16. Rxd4 h6 17. Bf4 Be6 18. Rad1 Rfe8 19. h3 1/2-1/2

[Event "Reykjavik op"]
[Site "Reykjavik"]
[Date "2023.04.01"]
[Round "5"]
[White "Lie, Kjetil A"]
[Black "Song, Julien"]
[Result "1-0"]
[WhiteElo "2515"]
[BlackElo "2348"]
[PlyCount "83"]
[EventDate "2023.03.29"]
[EventType "swiss"]
[EventRounds "9"]
[EventCountry "ISL"]
[SourceTitle "CBM 213 Extra"]
[Source "ChessBase"]
[SourceDate "2023.05.31"]
[SourceVersion "1"]
[SourceVersionDate "2023.05.31"]
[SourceQuality "1"]

1. c4 c5 2. g3 g6 3. Bg2 Bg7 4. Nc3 Nc6 5. Nf3 d6 6. 0-0 Bg4 7. h3 Bxf3 8. Bxf3 e6 9. a3 Nge7 10. d3 0-0 11. Bd2 Rc8 12. Rb1 b6 13. b4 cxb4 14. axb4 d5 15. cxd5 exd5 16. Bg4 Ra8 17. h4 d4 18. Nb5 a6 19. Na3 b5 20. Qb3 Nd5 21. Bf3 Nce7 22. Rbc1 Ra7 23. h5 Re8 24. Kg2 Rd7 25. Rc5 Bf6 26. Rfc1 Kg7 27. h6+ Kg8 28. Nc2 Nb6 29. Ne1 Ned5 30. Bg4 Rd6 31. Nf3 Qe7 32. Ra1 Qb7 33. Re1 Na4 34. Rc2 Nac3 35. e4 Nb6 36. Nxd4 Nxe4 37. Nf3 Nc4 38. dxc4 Red8 39. Qe3 Re8 40. c5 Rdd8 41. c6 Qc7 42. Qf4 1-0

[Event "Kragero op"]
[Site "Kragero"]
[Date "2023.02.24"]
[Round "6"]
[White "Lie, Kjetil A"]
[Black "Elmi, Saad Abobaker"]
[Result "0-1"]
[WhiteElo "2525"]
[BlackElo "2333"]
[PlyCount "94"]
[EventDate "2023.02.22"]
[EventType "swiss"]
[EventRounds "9"]
[EventCountry "NOR"]
[SourceTitle "CBM 212 Extra"]
[Source "ChessBase"]
[SourceDate "2023.03.31"]
[SourceVersion "1"]
[SourceVersionDate "2023.03.31"]
[SourceQuality "1"]

1. c4 e6 2. g3 d5 3. Bg2 Nf6 4. Nf3 Be7 5. 0-0 0-0 6. b3 c5 7. cxd5 Nxd5 8. Bb2 b6 9. d4 cxd4 10. Nxd4 Bb7 11. e4 Nf6 12. Nc3 Bc5 13. Nc2 e5 14. b4 Be7 15. Qe2 Nbd7 16. Rfd1 Qb8 17. Rd2 a5 18. b5 a4 19. Rad1 Nc5 20. Na3 Qc7 21. Nc4 Rfe8 22. Nd5 Bxd5 23. exd5 Bd6 24. Rc1 Rad8 25. Rdc2 Nfd7 26. Bh3 e4 27. Bxd7 Rxd7 28. Qg4 Bf8 29. d6 Qb7 30. Nxb6 Rxd6 31. Rxc5 Rxb6 32. Rc7 Qd5 33. Rc8 h5 34. Qe2 Rxc8 35. Rxc8 Rxb5 36. Qc2 Qd6 37. Kg2 h4 38. gxh4 Qg6+ 39. Kf1 Qg4 40. Qc3 Rd5 41. f3 exf3 42. Kf2 Qg2+ 43. Ke3 Qe2+ 44. Kf4 Qd2+ 45. Kg3 Qg2+ 46. Kf4 Kh7 47. Qc2+ f5 0-1

[Event "Kragero op"]
[Site "Kragero"]
[Date "2023.02.23"]
[Round "3"]
[White "Cheng, Bobby Sky"]
[Black "Lie, Kjetil A"]
[Result "0-1"]
[WhiteElo "2574"]
[BlackElo "2525"]
[PlyCount "106"]
[EventDate "2023.02.22"]
[EventType "swiss"]
[EventRounds "9"]
[EventCountry "NOR"]
[SourceTitle "CBM 212 Extra"]
[Source "ChessBase"]
[SourceDate "2023.03.31"]
[SourceVersion "1"]
[SourceVersionDate "2023.03.31"]
[SourceQuality "1"]

1. d4 d5 2. c4 dxc4 3. Nf3 Nf6 4. e3 Bg4 5. Bxc4 e6 6. h3 Bh5 7. Nc3 Nc6 8. 0-0 Bd6 9. Re1 0-0 10. g4 Bg6 11. e4 e5 12. dxe5 Bxe5 13. Nxe5 Nxe5 14. Qe2 Re8 15. Bg5 Qd6 16. Bb3 Qd3 17. Kg2 h5 18. f4 hxg4 19. hxg4 Qxe2+ 20. Rxe2 Nexg4 21. f5 Bh5 22. Rh1 Rad8 23. Rh4 c6 24. a4 Ne5 25. Rf2 Bg4 26. Kf1 Rd3 27. Bxf6 gxf6 28. Rg2 Kf8 29. Rhxg4 Nxg4 30. Rxg4 Rd2 31. Rg2 Rxg2 32. Kxg2 Rd8 33. Nb1 Rd4 34. Bc2 b5 35. axb5 cxb5 36. Kf3 a5 37. Ke3 Rb4 38. b3 a4 39. Nd2 Ke7 40. Kd3 Kd6 41. Kc3 Kc5 42. e5 Rh4 43. bxa4 bxa4 44. exf6 Rh3+ 45. Kb2 a3+ 46. Kb1 Rh1+ 47. Ka2 Rh2 48. Nb3+ Kb4 49. Na1 Kc3 50. Kxa3 Rh1 51. Ka2 Rxa1+ 52. Kxa1 Kxc2 53. Ka2 Kd3 0-1

[Event "NOR-ch Rapid"]
[Site "Drammen"]
[Date "2023.01.07"]
[Round "3"]
[White "Lie, Kjetil A"]
[Black "Kvaloy, Aksel Bu"]
[Result "0-1"]
[WhiteElo "2525"]
[BlackElo "2233"]
[PlyCount "88"]
[EventDate "2023.01.07"]
[EventType "swiss (rapid)"]
[EventRounds "10"]
[EventCountry "NOR"]
[SourceTitle "CBM 212 Extra"]
[Source "ChessBase"]
[SourceDate "2023.03.31"]
[SourceVersion "1"]
[SourceVersionDate "2023.03.31"]
[SourceQuality "1"]

1. c4 e5 2. Nc3 Nf6 3. Nf3 Nc6 4. a3 d5 5. cxd5 Nxd5 6. Qc2 Nxc3 7. bxc3 Bd6 8. e4 0-0 9. Bc4 Kh8 10. d3 Bc5 11. Qe2 f6 12. Be3 Bxe3 13. fxe3 Qe8 14. d4 Na5 15. Bd3 c5 16. 0-0 Bg4 17. Rab1 b6 18. dxc5 Qc6 19. cxb6 axb6 20. Qb2 Nc4 21. Bxc4 Qxc4 22. Qb4 Rfc8 23. Qxc4 Rxc4 24. Rxb6 Rxc3 25. Rfb1 h6 26. Rb8+ Rxb8 27. Rxb8+ Kh7 28. Kf2 Rxa3 29. Rb2 Ra4 30. Nd2 Bd7 31. Rc2 Bb5 32. Kf3 h5 33. Rc7 Ra2 34. Nb3 Be2+ 35. Kg3 Bf1 36. Rc1 Bxg2 37. Nc5 g5 38. h4 Kg6 39. Nd7 Bxe4 40. hxg5 fxg5 41. Nxe5+ Kf5 42. Rc5 h4+ 43. Kh3 Bg2+ 44. Kh2 Bd5+ 0-1

[Event "NOR-ch Rapid"]
[Site "Drammen"]
[Date "2023.01.07"]
[Round "5"]
[White "Lie, Kjetil A"]
[Black "Shehzad, Shazil Khan"]
[Result "1-0"]
[WhiteElo "2525"]
[BlackElo "2289"]
[PlyCount "117"]
[EventDate "2023.01.07"]
[EventType "swiss (rapid)"]
[EventRounds "10"]
[EventCountry "NOR"]
[SourceTitle "CBM 212 Extra"]
[Source "ChessBase"]
[SourceDate "2023.03.31"]
[SourceVersion "1"]
[SourceVersionDate "2023.03.31"]
[SourceQuality "1"]

1. c4 e5 2. g3 c6 3. Nf3 e4 4. Nd4 d5 5. cxd5 Qxd5 6. Nc2 Nf6 7. Nc3 Qh5 8. Ne3 Bc5 9. Qc2 Bxe3 10. dxe3 Qg6 11. Bg2 Bf5 12. b3 0-0 13. Bb2 Na6 14. 0-0-0 Nb4 15. Qd2 a5 16. a3 Na6 17. g4 Be6 18. g5 Nc5 19. Qd6 Nfd7 20. b4 axb4 21. axb4 Nb3+ 22. Kc2 Qf5 23. Bxe4 Qxf2 24. Qf4 Qxf4 25. exf4 f5 26. gxf6 Nxf6 27. Bf3 Rac8 28. Rd6 c5 29. e3 Bf7 30. b5 c4 31. Rg1 Rce8 32. Rxf6 Rxe3 33. Bd5 Nd4+ 34. Kb1 Bxd5 35. Nxd5 Rxf6 36. Nxf6+ Kf7 37. Bxd4 Rb3+ 38. Kc2 gxf6 39. b6 Rh3 40. Rg2 Ke6 41. Bg1 Ra3 42. Rg7 Ra1 43. Bd4 Ra2+ 44. Bb2 Kd5 45. Rxb7 Kc6 46. Rxh7 Kxb6 47. Rf7 Kc5 48. Rxf6 Kd5 49. h4 Ra7 50. h5 Ke4 51. h6 Rb7 52. Be5 Rb3 53. Rc6 Rh3 54. Rxc4+ Kf5 55. Rc6 Rh2+ 56. Kc3 Rh3+ 57. Kc4 Rh5 58. Kd5 Rh1 59. Rf6+ 1-0

[Event "NOR-ch Blitz"]
[Site "Drammen"]
[Date "2023.01.06"]
[Round "2"]
[White "Haarr, Jon Kristian"]
[Black "Lie, Kjetil A"]
[Result "0-1"]
[WhiteElo "2199"]
[BlackElo "2525"]
[PlyCount "31"]
[EventDate "2023.01.06"]
[EventType "swiss (blitz)"]
[EventRounds "9"]
[EventCountry "NOR"]
[SourceTitle "CBM 212 Extra"]
[Source "ChessBase"]
[SourceDate "2023.03.31"]
[SourceVersion "1"]
[SourceVersionDate "2023.03.31"]
[SourceQuality "1"]

1. e4 d6 2. d4 Nf6 3. Nc3 g6 4. f4 Bg7 5. Nf3 0-0 6. e5 dxe5 7. fxe5 Nd5 8. Bc4 Nxc3 9. bxc3 c5 10. 0-0 Bg4 11. h3 Bxf3 12. Qxf3 Nc6 13. Bxf7+ Kh8 14. Be3 cxd4 15. cxd4 Nxe5 16. dxe5 0-1

[Event "NOR-ch Blitz"]
[Site "Drammen"]
[Date "2023.01.06"]
[Round "1"]
[White "Lie, Kjetil A"]
[Black "Leonhardsen, Vebjorn Maanum"]
[Result "1-0"]
[WhiteElo "2525"]
[BlackElo "1883"]
[PlyCount "65"]
[EventDate "2023.01.06"]
[EventType "swiss (blitz)"]
[EventRounds "9"]
[EventCountry "NOR"]
[SourceTitle "CBM 212 Extra"]
[Source "ChessBase"]
[SourceDate "2023.03.31"]
[SourceVersion "1"]
[SourceVersionDate "2023.03.31"]
[SourceQuality "1"]

1. c4 c6 2. g3 d5 3. Bg2 Nf6 4. Nf3 Bf5 5. cxd5 cxd5 6. Qb3 Qb6 7. Qxb6 axb6 8. Nc3 e6 9. d3 Be7 10. Nd4 Bg6 11. e4 dxe4 12. dxe4 Bb4 13. Ndb5 Na6 14. Bd2 Bxc3 15. Nxc3 Nc5 16. f3 Nd3+ 17. Ke2 Nxb2 18. Rhc1 0-0 19. Nb5 Na4 20. Rab1 Nc5 21. Rc2 h6 22. Nd6 Ra7 23. Rxb6 Ncd7 24. Rxb7 Rxb7 25. Nxb7 Rb8 26. Nd6 h5 27. a4 Ra8 28. a5 Kf8 29. Rc8+ Rxc8 30. Nxc8 Nc5 31. Bb4 Nfd7 32. Nd6 Ke7 33. Nb7 1-0

[Event "Kragero op"]
[Site "Kragero"]
[Date "2022.02.26"]
[Round "7"]
[White "Lie, Kjetil A"]
[Black "Kulaots, Kaido"]
[Result "1/2-1/2"]
[WhiteElo "2520"]
[BlackElo "2527"]
[PlyCount "33"]
[EventDate "2022.02.23"]
[EventType "swiss"]
[EventRounds "9"]
[EventCountry "NOR"]
[SourceTitle "CBM 207 Extra"]
[Source "ChessBase"]
[SourceDate "2022.05.31"]
[SourceVersion "1"]
[SourceVersionDate "2022.05.31"]
[SourceQuality "1"]

1. d4 Nf6 2. Nf3 g6 3. e3 Bg7 4. Be2 0-0 5. 0-0 d6 6. b3 e5 7. dxe5 Ng4 8. Bb2 Nxe5 9. Nxe5 dxe5 10. Nc3 Bf5 11. Qc1 Nd7 12. Rd1 c6 13. Bd3 Bg4 14. Be2 Bf5 15. Bd3 Bg4 16. Be2 Bf5 17. Bd3 1/2-1/2

[Event "Kragero op"]
[Site "Kragero"]
[Date "2022.02.25"]
[Round "5"]
[White "Lie, Kjetil A"]
[Black "Injac, Teodora"]
[Result "1-0"]
[WhiteElo "2520"]
[BlackElo "2407"]
[PlyCount "85"]
[EventDate "2022.02.23"]
[EventType "swiss"]
[EventRounds "9"]
[EventCountry "NOR"]
[SourceTitle "CBM 207 Extra"]
[Source "ChessBase"]
[SourceDate "2022.05.31"]
[SourceVersion "1"]
[SourceVersionDate "2022.05.31"]
[SourceQuality "1"]

1. d4 Nf6 2. Nf3 d5 3. e3 e6 4. Bd3 b6 5. 0-0 Bd6 6. b3 0-0 7. Bb2 Bb7 8. Nbd2 Nbd7 9. Qe2 Ne4 10. Rfd1 Qe7 11. Ba6 Bc6 12. a4 Nxd2 13. Rxd2 Nb8 14. Bd3 a5 15. Ne5 Bb7 16. e4 Bxe5 17. dxe5 d4 18. Bxd4 Nc6 19. Bb2 Qg5 20. Rf1 Rfd8 21. f4 Qe7 22. Qe3 Nb4 23. Rfd1 Nxd3 24. cxd3 Qd7 25. d4 b5 26. axb5 Qxb5 27. f5 exf5 28. exf5 Bd5 29. f6 h6 30. Qg3 g6 31. Rd3 Qb4 32. Qh4 h5 33. Qf4 Ra6 34. Rg3 Kf8 35. Qc1 Qb7 36. Qc5+ Kg8 37. Rxg6+ fxg6 38. Qe7 c5 39. f7+ Bxf7 40. Qxb7 Raa8 41. e6 Bxe6 42. d5 Bf7 43. Rf1 1-0

[Event "Kragero op"]
[Site "Kragero"]
[Date "2022.02.23"]
[Round "1"]
[White "Lie, Kjetil A"]
[Black "Johannsson, Birkir Isak"]
[Result "1-0"]
[WhiteElo "2520"]
[BlackElo "2103"]
[PlyCount "87"]
[EventDate "2022.02.23"]
[EventType "swiss"]
[EventRounds "9"]
[EventCountry "NOR"]
[SourceTitle "CBM 207 Extra"]
[Source "ChessBase"]
[SourceDate "2022.05.31"]
[SourceVersion "1"]
[SourceVersionDate "2022.05.31"]
[SourceQuality "1"]

1. d4 d5 2. Bf4 c5 3. e3 Nc6 4. c3 Nf6 5. Nd2 Bf5 6. Ngf3 Qb6 7. Nh4 Bd7 8. Qb3 Qxb3 9. axb3 Nh5 10. Bg3 e6 11. Nhf3 Nxg3 12. hxg3 g6 13. Bd3 Be7 14. dxc5 Bxc5 15. b4 Bd6 16. e4 0-0 17. exd5 exd5 18. 0-0 Bg4 19. Ra4 Bxf3 20. Nxf3 a6 21. Rd1 Rfd8 22. Bc2 Be7 23. Bb3 d4 24. cxd4 b5 25. Raa1 Bf6 26. Rdc1 Rd6 27. Rxc6 Rxc6 28. Bd5 Rac8 29. Bxc6 Rxc6 30. Kf1 Be7 31. d5 Rb6 32. Ne5 Bxb4 33. Nc6 Bd6 34. b4 Bf8 35. Ke2 Rb7 36. Ke3 Rb6 37. g4 f6 38. Kd4 Bd6 39. Re1 Kf7 40. g3 Bf8 41. Nd8+ Kg8 42. Re8 Rb8 43. d6 a5 44. d7 1-0

[Event "Kragero op"]
[Site "Kragero"]
[Date "2020.02.22"]
[Round "8"]
[White "Al Tarbosh, Ward"]
[Black "Lie, Kjetil A"]
[Result "0-1"]
[WhiteElo "2149"]
[BlackElo "2523"]
[PlyCount "152"]
[EventDate "2020.02.19"]
[EventType "swiss"]
[EventRounds "9"]
[EventCountry "NOR"]
[SourceTitle "CBM 195 Extra"]
[Source "ChessBase"]
[SourceDate "2020.05.31"]
[SourceVersion "1"]
[SourceVersionDate "2020.05.31"]
[SourceQuality "1"]

1. d4 Nf6 2. Nf3 e6 3. g3 c5 4. c3 b6 5. Bg2 Bb7 6. 0-0 Be7 7. Nbd2 0-0 8. Re1 d5 9. Ne5 cxd4 10. cxd4 Nc6 11. Ndf3 Rc8 12. Bd2 Ne4 13. Nxc6 Bxc6 14. Ne5 Be8 15. Bf4 f6 16. Nd3 g5 17. Be3 Nd6 18. f3 Bg6 19. Bf2 Qd7 20. a4 Rc4 21. b3 Rc3 22. e4 Rfc8 23. Rc1 Rxc1 24. Nxc1 dxe4 25. fxe4 Qc7 26. Nd3 Qc2 27. Qxc2 Rxc2 28. Nb4 Rc3 29. e5 fxe5 30. Nc6 Bf8 31. Nxe5 Bc2 32. Rc1 Rc8 33. b4 Bxa4 34. Ra1 Bb5 35. h4 gxh4 36. gxh4 Rc7 37. d5 Nf7 38. Ng4 Bg7 39. Re1 exd5 40. Bxd5 Kf8 41. h5 Rd7 42. Be4 Ng5 43. Bg2 Bd4 44. h6 Bxf2+ 45. Nxf2 Nf7 46. Ng4 Rd6 47. Rc1 Nxh6 48. Rc8+ Kg7 49. Ne3 Kf6 50. Be4 Rd7 51. Rh8 Ke5 52. Bxh7 Rg7+ 53. Kf2 Ng4+ 54. Nxg4+ Rxg4 55. Ra8 Rg7 56. Bg8 Kd4 57. Rc8 Ba6 58. Ra8 Kc3 59. Ke1 Kxb4 60. Kd2 Bc4 61. Bxc4 Kxc4 62. Kc1 Kb4 63. Rh8 Rg1+ 64. Kb2 Rg2+ 65. Kb1 Rg1+ 66. Kb2 Rg4 67. Rh6 Ka5 68. Rh5+ b5 69. Rh1 Kb4 70. Rh2 a5 71. Rf2 a4 72. Rh2 a3+ 73. Ka2 Ka4 74. Rh1 b4 75. Rf1 b3+ 76. Ka1 a2 0-1

[Event "Kragero op"]
[Site "Kragero"]
[Date "2020.02.20"]
[Round "4"]
[White "Nordquelle, Daniel"]
[Black "Lie, Kjetil A"]
[Result "1/2-1/2"]
[WhiteElo "2242"]
[BlackElo "2523"]
[PlyCount "38"]
[EventDate "2020.02.19"]
[EventType "swiss"]
[EventRounds "9"]
[EventCountry "NOR"]
[SourceTitle "CBM 195 Extra"]
[Source "ChessBase"]
[SourceDate "2020.05.31"]
[SourceVersion "1"]
[SourceVersionDate "2020.05.31"]
[SourceQuality "1"]

1. e4 c5 2. Nc3 e6 3. g3 a6 4. Bg2 Nc6 5. d3 g6 6. Be3 d6 7. Qd2 Bg7 8. Nge2 Nd4 9. Nd1 Nxe2 10. Qxe2 Ne7 11. Qd2 0-0 12. Bh6 Nc6 13. h4 Bxh6 14. Qxh6 Qf6 15. h5 Qg7 16. hxg6 Qxh6 17. Rxh6 hxg6 18. Ne3 Kg7 19. Rh2 b5 1/2-1/2

[Event "Kragero op"]
[Site "Kragero"]
[Date "2020.02.19"]
[Round "1"]
[White "Lie, Kjetil A"]
[Black "Royset, Pal"]
[Result "1-0"]
[WhiteElo "2523"]
[BlackElo "2177"]
[PlyCount "113"]
[EventDate "2020.02.19"]
[EventType "swiss"]
[EventRounds "9"]
[EventCountry "NOR"]
[SourceTitle "CBM 195 Extra"]
[Source "ChessBase"]
[SourceDate "2020.05.31"]
[SourceVersion "1"]
[SourceVersionDate "2020.05.31"]
[SourceQuality "1"]

1. d4 Nf6 2. Nf3 d5 3. e3 g6 4. Be2 Bg7 5. 0-0 0-0 6. b4 b6 7. Bb2 Bb7 8. Nbd2 Nbd7 9. c4 c5 10. dxc5 bxc5 11. b5 e6 12. a4 Qc7 13. Qc2 Rac8 14. Rfd1 Rfd8 15. Rac1 Qb8 16. Qb1 Nh5 17. Ne1 Bxb2 18. Qxb2 Nhf6 19. Nd3 Ba8 20. cxd5 Nxd5 21. Nc4 N5b6 22. Nde5 Nxe5 23. Nxe5 Nxa4 24. Qa1 Nb6 25. Ng4 e5 26. Rxd8+ Rxd8 27. Nxe5 h5 28. Rxc5 Rd2 29. Bf3 Qd6 30. Rc1 Bxf3 31. Nxf3 Rd3 32. h3 Ra3 33. Qe5 Qxe5 34. Nxe5 Nd5 35. Rc5 Ra1+ 36. Kh2 Rd1 37. Nc6 Nf6 38. Nxa7 Ne4 39. Rc2 Rb1 40. h4 Kg7 41. f3 Nd6 42. Rc5 Nf5 43. e4 Nd4 44. Rd5 Ne6 45. Rd7 Nc5 46. Rd6 Ne6 47. b6 Rb2 48. Kg3 Rb3 49. Nc8 Nc5 50. Rd4 Ne6 51. Rc4 Rb2 52. Ra4 Rb3 53. Ra7 Kg8 54. b7 Nd8 55. Nd6 Nc6 56. Ra8+ Kg7 57. Rc8 1-0

[Event "Titled Tuesday intern op 7th Januar"]
[Site "Chess.com INT"]
[Date "2020.01.07"]
[Round "3"]
[White "Leenhouts, Koen"]
[Black "Lie, Kjetil A"]
[Result "0-1"]
[WhiteElo "2412"]
[BlackElo "2523"]
[PlyCount "88"]
[EventDate "2020.01.07"]
[EventType "swiss (blitz)"]
[EventRounds "10"]
[EventCountry "USA"]
[SourceTitle "EXT 2021"]
[Source "ChessBase"]
[SourceDate "2020.10.23"]
[SourceVersion "1"]
[SourceVersionDate "2020.10.23"]
[SourceQuality "1"]

1. d4 d6 2. c4 e5 3. Nc3 exd4 4. Qxd4 Nc6 5. Qd2 Nf6 6. Nf3 Be6 7. b3 d5 8. cxd5 Nxd5 9. Bb2 Bb4 10. e4 Nf6 11. 0-0-0 Qxd2+ 12. Nxd2 0-0-0 13. f3 a6 14. Bc4 Ne5 15. Bxe6+ fxe6 16. Nc4 Nxc4 17. bxc4 Bc5 18. Rxd8+ Rxd8 19. Rd1 Rf8 20. Kc2 Bd6 21. Ne2 Nd7 22. h3 g5 23. Nd4 Re8 24. Nb3 h5 25. g4 Rf8 26. Rd3 h4 27. Nd4 Ne5 28. Nxe6 Nxd3 29. Nxf8 Nxb2 30. Ne6 Nxc4 31. Nxg5 Kd7 32. Kd3 Ne5+ 33. Ke2 Ng6 34. Kf1 Nf4 35. Kf2 Be7 36. Nf7 Ke6 37. Nh6 Nxh3+ 38. Kg2 Nf4+ 39. Kh1 h3 40. Nf5 Bf6 41. Kh2 Be5 42. Kh1 c5 43. Ne3 b5 44. g5 c4 0-1

[Event "NOR-chT Elite 1920"]
[Site "Norway"]
[Date "2019.11.03"]
[Round "3.1"]
[White "Lie, Kjetil A"]
[Black "Ostenstad, Berge"]
[Result "0-1"]
[WhiteElo "2531"]
[BlackElo "2448"]
[PlyCount "90"]
[EventDate "2019.11.01"]
[EventType "team-tourn"]
[EventRounds "9"]
[EventCountry "NOR"]
[SourceTitle "CBM 194 Extra"]
[Source "ChessBase"]
[SourceDate "2020.03.31"]
[SourceVersion "1"]
[SourceVersionDate "2020.03.31"]
[SourceQuality "1"]
[WhiteTeam "SOSS"]
[BlackTeam "Asker"]
[WhiteTeamCountry "NOR"]
[BlackTeamCountry "NOR"]

1. d4 Nf6 2. Nf3 g6 3. Bg5 Bg7 4. c3 0-0 5. Nbd2 d6 6. e4 c5 7. dxc5 dxc5 8. Bc4 Nc6 9. Qe2 h6 10. Bh4 Na5 11. Bd3 Be6 12. 0-0 Qb6 13. Nc4 Nxc4 14. Bxc4 Rfe8 15. a4 Nh5 16. Bb5 Rec8 17. Rfd1 g5 18. Bg3 Nxg3 19. hxg3 Rd8 20. Rxd8+ Rxd8 21. a5 Qd6 22. a6 bxa6 23. Bc4 Rb8 24. e5 Bxc4 25. Qxc4 Bxe5 26. Rxa6 Qd1+ 27. Kh2 Bd6 28. Ra2 Qc2 29. b4 Rxb4 30. Qxf7+ Kxf7 31. Rxc2 Ra4 32. Nd2 Ke6 33. f3 Ra1 34. Nb3 Ra3 35. Nd2 Ra1 36. Nb3 Re1 37. Ra2 h5 38. Rxa7 h4 39. Kh3 Kf5 40. g4+ Ke6 41. g3 hxg3 42. Ra4 Rh1+ 43. Kg2 Rh2+ 44. Kg1 Rc2 45. Re4+ Kd5 0-1

[Event "Kragero op"]
[Site "Kragero"]
[Date "2019.02.23"]
[Round "7"]
[White "Ragnarsson, Dagur"]
[Black "Lie, Kjetil A"]
[Result "0-1"]
[WhiteElo "2361"]
[BlackElo "2538"]
[PlyCount "102"]
[EventDate "2019.02.20"]
[EventType "swiss"]
[EventRounds "9"]
[EventCountry "NOR"]
[SourceTitle "CBM 189 Extra"]
[Source "ChessBase"]
[SourceDate "2019.06.03"]
[SourceVersion "1"]
[SourceVersionDate "2019.06.03"]
[SourceQuality "1"]

1. d4 Nf6 2. c4 e6 3. g3 c5 4. d5 exd5 5. cxd5 d6 6. Nc3 g6 7. Bg2 Bg7 8. Nf3 0-0 9. 0-0 Re8 10. a4 Ne4 11. Nxe4 Rxe4 12. Nd2 Rb4 13. Ra2 Bd7 14. b3 b5 15. a5 Na6 16. Ba3 Qxa5 17. Qb1 Qb6 18. e4 Re8 19. Re1 c4 20. Bxb4 Nxb4 21. bxc4 Nxa2 22. Qxa2 Bd4 23. Nf3 Bc3 24. Re3 b4 25. Qe2 Bg4 26. Qd3 a5 27. e5 Bxf3 28. Bxf3 Bd4 29. Re4 dxe5 30. Bd1 Bxf2+ 31. Kg2 Bd4 32. g4 Rb8 33. Bb3 Qf6 34. Qc2 Rc8 35. Re2 Qh4 36. Qe4 a4 37. Bxa4 Rxc4 38. Rc2 f5 39. Qe2 Qxg4+ 40. Qxg4 Rxc2+ 41. Bxc2 fxg4 42. Kg3 Bg1 43. d6 Kf7 44. Bb3+ Kf6 45. Ba2 h5 46. d7 Bb6 47. Bb3 Kg5 48. Bc2 h4+ 49. Kg2 Kf4 50. Bxg6 h3+ 51. Kh1 b3 0-1